| 000 | 00556aas a2200181 4500 | ||
|---|---|---|---|
| 999 |
_c40943 _d40943 |
||
| 005 | 20210217150933.0 | ||
| 007 | ta | ||
| 008 | 210217b sr|p| |||| 00| 0 eng d | ||
| 022 | _a0011-3891 | ||
| 040 | _coclc | ||
| 082 |
_a500 _bCUR |
||
| 245 | _aCurrent Science | ||
| 260 |
_aBengaluru: _bCurrent Science Association |
||
| 310 | _aFortnightly | ||
| 650 | 0 |
_92323 _aNatural sciences & mathematics _vChemistry _vPhysics _vBiology |
|
| 856 | _uhttps://www.currentscience.ac.in/php/cissue.php | ||
| 942 |
_2ddc _cCR _h500/ _kCUR _m500/ _nCUR _s1 |
||